[Event "Villarobledo Online Qualifyer"]
[Site "playchess.com #155672"]
[Date "2009.05.23"]
[Round "5"]
[White "Drago_infiammato"]
[Black "Jrt"]
[Result "1-0"]
[WhiteElo "2045"]
[BlackElo "2202"]
[PlyCount "121"]
[EventDate "2009.05.23"]
[EventType "swiss (blitz)"]

1. d4 {[%emt 0:00:00]} Nf6 {[%emt 0:00:02]} 2. c4 {[%emt 0:00:01]} c5 {[%emt 0:
00:01]} 3. d5 {[%emt 0:00:02]} b5 {[%emt 0:00:00]} 4. a4 {[%emt 0:00:01]} b4 {
[%emt 0:00:01]} 5. b3 {[%emt 0:00:03]} e5 {[%emt 0:00:03]} 6. dxe6 {[%emt 0:00:
07]} fxe6 {[%emt 0:00:01]} 7. Bb2 {[%emt 0:00:03]} Bb7 {[%emt 0:00:02]} 8. Nf3
{[%emt 0:00:03]} Be7 {[%emt 0:00:01]} 9. g3 {[%emt 0:00:01]} O-O {[%emt 0:00:
01]} 10. Bg2 {[%emt 0:00:00]} d5 {[%emt 0:00:04]} 11. O-O {[%emt 0:00:06]} Nbd7
{[%emt 0:00:01]} 12. Ng5 {[%emt 0:00:08]} Qb6 {[%emt 0:00:01]} 13. a5 {[%emt 0:
00:14]} Qd6 {[%emt 0:00:06]} 14. a6 {[%emt 0:00:03]} Bc6 {[%emt 0:00:02]} 15.
Bh3 {[%emt 0:00:14]} e5 {[%emt 0:00:29]} 16. Be6+ {[%emt 0:00:07]} Kh8 {[%emt
0:00:01]} 17. Nf7+ {[%emt 0:00:02]} Rxf7 {[%emt 0:00:01]} 18. Bxf7 {[%emt 0:00:
00]} d4 {[%emt 0:00:02]} 19. e3 {[%emt 0:00:05]} Rf8 {[%emt 0:00:03]} 20. Bd5 {
[%emt 0:00:02]} Nxd5 {[%emt 0:00:01]} 21. cxd5 {[%emt 0:00:01]} Qxd5 {[%emt 0:
00:00]} 22. f3 {[%emt 0:00:04]} e4 {[%emt 0:00:09]} 23. exd4 {[%emt 0:00:07]}
exf3 {[%emt 0:00:04]} 24. Rf2 {[%emt 0:00:14]} Bf6 {[%emt 0:00:03]} 25. Nd2 {
[%emt 0:00:11]} Bxd4 {[%emt 0:00:03]} 26. Bxd4 {[%emt 0:00:01]} cxd4 {[%emt 0:
00:04]} 27. Nc4 {[%emt 0:00:02]} Nf6 {[%emt 0:00:08]} 28. Ra5 {[%emt 0:00:01]}
Qe4 {[%emt 0:00:05]} 29. Re5 {[%emt 0:00:04]} Qg4 {[%emt 0:00:02]} 30. Na5 {
[%emt 0:00:15]} Ba8 {[%emt 0:00:05]} 31. Nb7 {[%emt 0:00:03]} Ne4 {[%emt 0:00:
08]} 32. Rxe4 {[%emt 0:00:24]} Qxe4 {[%emt 0:00:02]} 33. Nc5 {[%emt 0:00:07]}
Qe3 {[%emt 0:00:03]} 34. Qd3 {[%emt 0:00:09]} h6 {[%emt 0:00:06]} 35. Qf1 {
[%emt 0:00:21]} Bd5 {[%emt 0:00:14]} 36. Nd3 {[%emt 0:00:02]} Rc8 {[%emt 0:00:
06]} 37. h3 {[%emt 0:00:18]} Be4 {[%emt 0:00:04]} 38. Ne1 {[%emt 0:00:05]} Rc1
{[%emt 0:00:06]} 39. Ng2 {[%emt 0:00:22]} Re1 {[%emt 0:00:03]} 40. Nxe1 {[%emt
0:00:01]} Qxb3 {[%emt 0:00:02]} 41. Nxf3 {[%emt 0:00:00]} Qe3 {[%emt 0:00:02]}
42. Ne5 {[%emt 0:00:01]} d3 {[%emt 0:00:03]} 43. Nxd3 {[%emt 0:00:01]} Bxd3 {
[%emt 0:00:01]} 44. Qd1 {[%emt 0:00:01]} Kh7 {[%emt 0:00:04]} 45. Qd2 {[%emt 0:
00:07]} Qxg3+ {[%emt 0:00:05]} 46. Rg2 {[%emt 0:00:01]} Qf3 {[%emt 0:00:04]}
47. Qf2 {[%emt 0:00:01]} Qxh3 {[%emt 0:00:05]} 48. Rg3 {[%emt 0:00:00]} Qf5 {
[%emt 0:00:03]} 49. Qxf5+ {[%emt 0:00:02]} Bxf5 {[%emt 0:00:00]} 50. Rb3 {
[%emt 0:00:01]} Bc8 {[%emt 0:00:04]} 51. Rxb4 {[%emt 0:00:02]} Bxa6 {[%emt 0:
00:01]} 52. Ra4 {[%emt 0:00:00]} Bd3 {[%emt 0:00:02]} 53. Rxa7 {[%emt 0:00:00]
Drago_infiammato offre la patta} h5 {[%emt 0:00:01]} 54. Kf2 {[%emt 0:00:01]}
Kh6 {[%emt 0:00:03]} 55. Kg3 {[%emt 0:00:01]} Bf5 {[%emt 0:00:03]} 56. Kf4 {
[%emt 0:00:02]} Bd3 {[%emt 0:00:03] Drago_infiammato offre la patta} 57. Rd7 {
[%emt 0:00:03]} g5+ {[%emt 0:00:01]} 58. Ke5 {[%emt 0:00:05]} h4 {[%emt 0:00:
02]} 59. Rxd3 {[%emt 0:00:01]} Kh5 {[%emt 0:00:03]} 60. Kf5 {[%emt 0:00:01]} g4
{[%emt 0:00:01]} 61. Kf4 {[%emt 0:00:01] Jrt resigns} 1-0

[Event "Villarobledo Online Qualifyer"]
[Site "playchess.com #155672"]
[Date "2009.05.23"]
[Round "5"]
[White "Lacryma"]
[Black "Ajaraisk"]
[Result "0-1"]
[WhiteElo "1823"]
[BlackElo "2141"]
[PlyCount "118"]
[EventDate "2009.05.23"]
[EventType "swiss (blitz)"]

1. e4 {[%emt 0:00:01]} d6 {[%emt 0:00:00]} 2. d4 {[%emt 0:00:02]} Nf6 {[%emt 0:
00:01]} 3. Nc3 {[%emt 0:00:02]} c6 {[%emt 0:00:01]} 4. f4 {[%emt 0:00:14]} g6 {
[%emt 0:00:01]} 5. Bd3 {[%emt 0:00:03]} Bg7 {[%emt 0:00:01]} 6. Nf3 {[%emt 0:
00:05]} O-O {[%emt 0:00:01]} 7. O-O {[%emt 0:00:03]} Bg4 {[%emt 0:00:06]} 8. h3
{[%emt 0:00:28]} Bxf3 {[%emt 0:00:02]} 9. Qxf3 {[%emt 0:00:02]} Nbd7 {[%emt 0:
00:00]} 10. Ne2 {[%emt 0:00:08]} Qb6 {[%emt 0:00:04]} 11. c3 {[%emt 0:00:02]}
e6 {[%emt 0:00:01]} 12. f5 {[%emt 0:00:03]} Ne5 {[%emt 0:00:08]} 13. Qe3 {
[%emt 0:00:09]} Nxd3 {[%emt 0:00:01]} 14. Qxd3 {[%emt 0:00:01]} exf5 {[%emt 0:
00:03]} 15. exf5 {[%emt 0:00:02]} d5 {[%emt 0:00:01]} 16. fxg6 {[%emt 0:00:04]}
fxg6 {[%emt 0:00:01]} 17. Ng3 {[%emt 0:00:18]} Rae8 {[%emt 0:00:04]} 18. Rb1 {
[%emt 0:00:06]} Ne4 {[%emt 0:00:01]} 19. Nxe4 {[%emt 0:00:02]} dxe4 {[%emt 0:
00:07]} 20. Rxf8+ {[%emt 0:00:03]} Bxf8 {[%emt 0:00:08]} 21. Qc4+ {[%emt 0:00:
04]} Kh8 {[%emt 0:00:01]} 22. Bf4 {[%emt 0:00:03]} Bg7 {[%emt 0:00:07]} 23. b4
{[%emt 0:00:11]} Qd8 {[%emt 0:00:15]} 24. Re1 {[%emt 0:00:08]} Qh4 {[%emt 0:00:
06]} 25. Qf1 {[%emt 0:00:07]} Rf8 {[%emt 0:00:30]} 26. Rxe4 {[%emt 0:00:06]} g5
{[%emt 0:00:03]} 27. g3 {[%emt 0:00:04]} Qh5 {[%emt 0:00:14]} 28. Qg2 {[%emt 0:
00:13]} gxf4 {[%emt 0:00:06]} 29. gxf4 {[%emt 0:00:01]} Qg6 {[%emt 0:00:06]}
30. Qxg6 {[%emt 0:00:11]} hxg6 {[%emt 0:00:00]} 31. Kg2 {[%emt 0:00:01]} Rf7 {
[%emt 0:00:06]} 32. Kg3 {[%emt 0:00:02]} Kh7 {[%emt 0:00:03]} 33. Kg4 {[%emt 0:
00:01]} Rd7 {[%emt 0:00:16]} 34. h4 {[%emt 0:00:03]} Kh6 {[%emt 0:00:02]} 35.
a4 {[%emt 0:00:06]} b6 {[%emt 0:00:09]} 36. Re6 {[%emt 0:00:03]} c5 {[%emt 0:
00:11]} 37. bxc5 {[%emt 0:00:11]} bxc5 {[%emt 0:00:00]} 38. dxc5 {[%emt 0:00:
02]} Kh7 {[%emt 0:00:07]} 39. c6 {[%emt 0:00:07]} Rc7 {[%emt 0:00:04]} 40. c4 {
[%emt 0:00:04]} Bc3 {[%emt 0:00:24]} 41. f5 {[%emt 0:00:06]} gxf5+ {[%emt 0:00:
02]} 42. Kxf5 {[%emt 0:00:01]} Kg7 {[%emt 0:00:06]} 43. Rd6 {[%emt 0:00:05]}
Kf7 {[%emt 0:00:04]} 44. Rd7+ {[%emt 0:00:04]} Rxd7 {[%emt 0:00:01]} 45. cxd7 {
[%emt 0:00:01]} Ke7 {[%emt 0:00:00]} 46. Ke4 {[%emt 0:00:10]} Kxd7 {[%emt 0:00:
03]} 47. Kd5 {[%emt 0:00:00]} Kc7 {[%emt 0:00:03]} 48. c5 {[%emt 0:00:03]} Bg7
{[%emt 0:00:04]} 49. h5 {[%emt 0:00:01]} Bh6 {[%emt 0:00:02]} 50. a5 {[%emt 0:
00:03]} Bg7 {[%emt 0:00:03]} 51. a6 {[%emt 0:00:01]} Bh6 {[%emt 0:00:01]} 52.
Kd4 {[%emt 0:00:05]} Kc6 {[%emt 0:00:01]} 53. Kc4 {[%emt 0:00:01]} Bf8 {[%emt
0:00:02]} 54. Kd4 {[%emt 0:00:03]} Bxc5+ {[%emt 0:00:01]} 55. Ke5 {[%emt 0:00:
03]} Bf8 {[%emt 0:00:00]} 56. Kf6 {[%emt 0:00:02]} Kb5 {[%emt 0:00:02]} 57. Kg6
{[%emt 0:00:01]} Kxa6 {[%emt 0:00:02]} 58. h6 {[%emt 0:00:00]} Bb4 {[%emt 0:00:
06]} 59. h7 {[%emt 0:00:03]} Bc3 {[%emt 0:00:00] Lacryma gibt auf} 0-1

[Event "Villarobledo Online Qualifyer"]
[Site "playchess.com #155672"]
[Date "2009.05.23"]
[Round "5"]
[White "Torresh"]
[Black "Von Herman"]
[Result "1-0"]
[WhiteElo "2053"]
[BlackElo "2298"]
[PlyCount "99"]
[EventDate "2009.05.23"]
[EventType "swiss (blitz)"]

1. e4 {[%emt 0:00:02]} c6 {[%emt 0:00:01]} 2. d4 {[%emt 0:00:04]} d5 {[%emt 0:
00:01]} 3. Nc3 {[%emt 0:00:03]} dxe4 {[%emt 0:00:03]} 4. Nxe4 {[%emt 0:00:00]}
Bf5 {[%emt 0:00:01]} 5. Ng3 {[%emt 0:00:01]} Bg6 {[%emt 0:00:01]} 6. Nf3 {
[%emt 0:00:05]} Nd7 {[%emt 0:00:02]} 7. Bd3 {[%emt 0:00:02]} Ngf6 {[%emt 0:00:
02]} 8. O-O {[%emt 0:00:02]} e6 {[%emt 0:00:01]} 9. Re1 {[%emt 0:00:01]} Be7 {
[%emt 0:00:03]} 10. Bf4 {[%emt 0:00:02]} O-O {[%emt 0:00:01]} 11. c4 {[%emt 0:
00:03]} c5 {[%emt 0:00:08]} 12. Bxg6 {[%emt 0:00:10]} hxg6 {[%emt 0:00:01]} 13.
Qb3 {[%emt 0:00:02]} cxd4 {[%emt 0:00:05]} 14. Qxb7 {[%emt 0:00:22]} Nc5 {
[%emt 0:00:01]} 15. Qc7 {[%emt 0:00:18]} Qxc7 {[%emt 0:00:09]} 16. Bxc7 {[%emt
0:00:02]} Rfc8 {[%emt 0:00:01]} 17. Be5 {[%emt 0:00:13]} Nd3 {[%emt 0:00:02]}
18. Re2 {[%emt 0:00:01]} Rxc4 {[%emt 0:00:07]} 19. Bxd4 {[%emt 0:00:06]} Rac8 {
[%emt 0:00:04]} 20. Rd2 {[%emt 0:00:32]} Rc1+ {[%emt 0:00:19]} 21. Rd1 {[%emt
0:00:01]} Rxa1 {[%emt 0:00:02]} 22. Rxa1 {[%emt 0:00:00]} a5 {[%emt 0:00:19]}
23. Rd1 {[%emt 0:00:04]} Nf4 {[%emt 0:00:04]} 24. Be5 {[%emt 0:00:06]} N6d5 {
[%emt 0:00:05]} 25. Nd4 {[%emt 0:00:11]} Bf6 {[%emt 0:00:20]} 26. Bxf6 {[%emt
0:00:02]} gxf6 {[%emt 0:00:01]} 27. Ne4 {[%emt 0:00:32]} f5 {[%emt 0:00:26]}
28. Nd6 {[%emt 0:00:03]} Rb8 {[%emt 0:00:22]} 29. Nc4 {[%emt 0:00:09]} a4 {
[%emt 0:00:04]} 30. g3 {[%emt 0:00:18]} Nh3+ {[%emt 0:00:08]} 31. Kg2 {[%emt 0:
00:03]} Ng5 {[%emt 0:00:00]} 32. b3 {[%emt 0:00:06]} axb3 {[%emt 0:00:02]} 33.
axb3 {[%emt 0:00:01]} Ne4 {[%emt 0:00:01]} 34. Rb1 {[%emt 0:00:04]} Kg7 {[%emt
0:00:04]} 35. Nc6 {[%emt 0:00:05]} Rc8 {[%emt 0:00:05]} 36. N4a5 {[%emt 0:00:
02]} Nec3 {[%emt 0:00:08]} 37. Rb2 {[%emt 0:00:01]} Kf6 {[%emt 0:00:12]} 38. b4
{[%emt 0:00:01]} Nb5 {[%emt 0:00:01]} 39. Rb1 {[%emt 0:00:02]} e5 {[%emt 0:00:
03]} 40. Rd1 {[%emt 0:00:01]} Nbc3 {[%emt 0:00:01]} 41. Rc1 {[%emt 0:00:03]} e4
{[%emt 0:00:02]} 42. h4 {[%emt 0:00:04]} g5 {[%emt 0:00:04]} 43. hxg5+ {[%emt
0:00:01]} Kxg5 {[%emt 0:00:00]} 44. Rh1 {[%emt 0:00:05]} f4 {[%emt 0:00:02]}
45. gxf4+ {[%emt 0:00:03]} Nxf4+ {[%emt 0:00:01]} 46. Kf1 {[%emt 0:00:01]} f5 {
[%emt 0:00:12] '} 47. Rg1+ {[%emt 0:00:01]} Kf6 {[%emt 0:00:02]} 48. Rh1 {
[%emt 0:00:01]} Ke6 {[%emt 0:00:15]} 49. Rh6+ {[%emt 0:00:02]} Kd5 {[%emt 0:00:
01]} 50. Ne7+ {[%emt 0:00:01] Von Herman gibt auf} 1-0

[Event "Villarobledo Online Qualifyer"]
[Site "playchess.com #155672"]
[Date "2009.05.23"]
[Round "5"]
[White "Yang Guo"]
[Black "Ozmarabagi"]
[Result "1-0"]
[WhiteElo "2862"]
[BlackElo "1821"]
[PlyCount "103"]
[EventDate "2009.05.23"]
[EventType "swiss (blitz)"]

1. e4 {[%emt 0:00:01]} e5 {[%emt 0:00:06]} 2. Nc3 {[%emt 0:00:01]} Nf6 {[%emt
0:00:07]} 3. f4 {[%emt 0:00:02]} d5 {[%emt 0:00:04]} 4. fxe5 {[%emt 0:00:01]}
Nxe4 {[%emt 0:00:04]} 5. d3 {[%emt 0:00:00]} Nxc3 {[%emt 0:00:05]} 6. bxc3 {
[%emt 0:00:00]} Nc6 {[%emt 0:00:05]} 7. Nf3 {[%emt 0:00:01]} d4 {[%emt 0:00:05]
} 8. Be2 {[%emt 0:00:01]} dxc3 {[%emt 0:00:04]} 9. O-O {[%emt 0:00:01]} Nd4 {
[%emt 0:00:04]} 10. Ng5 {[%emt 0:00:07]} Bc5 {[%emt 0:00:05]} 11. Kh1 {[%emt 0:
00:28]} O-O {[%emt 0:00:06]} 12. Bh5 {[%emt 0:00:03]} f5 {[%emt 0:00:14]} 13.
exf6 {[%emt 0:00:14]} Rxf6 {[%emt 0:00:05]} 14. Rxf6 {[%emt 0:00:11]} Qxf6 {
[%emt 0:00:06]} 15. Ne4 {[%emt 0:00:04]} Qf5 {[%emt 0:00:05]} 16. Be3 {[%emt 0:
00:21]} Nxc2 {[%emt 0:00:19]} 17. Bxc5 {[%emt 0:00:13]} Nxa1 {[%emt 0:00:04]}
18. Bf3 {[%emt 0:00:21]} c2 {[%emt 0:00:09]} 19. Qxa1 {[%emt 0:00:03]} Qf4 {
[%emt 0:00:05]} 20. Ba3 {[%emt 0:00:02]} Bg4 {[%emt 0:00:08]} 21. Bc1 {[%emt 0:
00:05]} Qf5 {[%emt 0:00:07]} 22. Nd2 {[%emt 0:01:14]} Bxf3 {[%emt 0:00:05]} 23.
Nxf3 {[%emt 0:00:03]} Qxd3 {[%emt 0:00:04]} 24. h3 {[%emt 0:00:04]} Re8 {[%emt
0:00:07]} 25. Qb2 {[%emt 0:00:04]} Qf1+ {[%emt 0:00:06]} 26. Kh2 {[%emt 0:00:
01]} Re2 {[%emt 0:00:09] '} 27. Nh4 {[%emt 0:00:03]} Re1 {[%emt 0:00:10]} 28.
Qb3+ {[%emt 0:00:02]} Kh8 {[%emt 0:00:05]} 29. Qd5 {[%emt 0:00:01]} h6 {[%emt
0:00:41]} 30. Bb2 {[%emt 0:00:04]} Qf4+ {[%emt 0:00:07]} 31. g3 {[%emt 0:00:03]
} Re2+ {[%emt 0:00:03]} 32. Ng2 {[%emt 0:00:02]} Qf2 {[%emt 0:00:03]} 33. Qd8+
{[%emt 0:00:02]} Kh7 {[%emt 0:00:01]} 34. Qd3+ {[%emt 0:00:00]} Kh8 {[%emt 0:
00:01]} 35. Qd8+ {[%emt 0:00:02]} Kh7 {[%emt 0:00:01]} 36. Qd5 {[%emt 0:00:01]}
Rd2 {[%emt 0:00:04]} 37. Qe4+ {[%emt 0:00:01]} Kh8 {[%emt 0:00:02]} 38. Bc1 {
[%emt 0:00:00]} Re2 {[%emt 0:00:03]} 39. Qxb7 {[%emt 0:00:01]} Qf1 {[%emt 0:00:
06]} 40. Bb2 {[%emt 0:00:10] .} Qf2 {[%emt 0:00:02]} 41. Qc8+ {[%emt 0:00:01]}
Kh7 {[%emt 0:00:01]} 42. Qb7 {[%emt 0:00:00]} Rd2 {[%emt 0:00:01]} 43. Qe4+ {
[%emt 0:00:01]} Kh8 {[%emt 0:00:02]} 44. h4 {[%emt 0:00:00]} Re2 {[%emt 0:00:
02]} 45. Qa8+ {[%emt 0:00:02]} Kh7 {[%emt 0:00:01]} 46. Qc6 {[%emt 0:00:01]}
Rd2 {[%emt 0:00:03]} 47. h5 {[%emt 0:00:03]} Kh8 {[%emt 0:00:02]} 48. Qa8+ {
[%emt 0:00:01]} Kh7 {[%emt 0:00:01]} 49. Qc6 {[%emt 0:00:01]} Kh8 {[%emt 0:00:
01]} 50. Qe8+ {[%emt 0:00:01]} Kh7 {[%emt 0:00:02]} 51. Qg6+ {[%emt 0:00:00]}
Kh8 {[%emt 0:00:01]} 52. Qxg7# {[%emt 0:00:01]} 1-0

[Event "Villarobledo Online Qualifyer"]
[Site "playchess.com #155672"]
[Date "2009.05.23"]
[Round "5"]
[White "Kingsize"]
[Black "Daky Fighter"]
[Result "0-1"]
[WhiteElo "1485"]
[BlackElo "1648"]
[PlyCount "142"]
[EventDate "2009.05.23"]
[EventType "swiss (blitz)"]

1. e4 {[%emt 0:00:04]} c6 {[%emt 0:00:02]} 2. d4 {[%emt 0:00:02]} d5 {[%emt 0:
00:01]} 3. exd5 {[%emt 0:00:02]} cxd5 {[%emt 0:00:01]} 4. c4 {[%emt 0:00:01]}
Nf6 {[%emt 0:00:01]} 5. Nc3 {[%emt 0:00:01]} Nc6 {[%emt 0:00:03]} 6. Nf3 {
[%emt 0:00:01]} e6 {[%emt 0:00:08]} 7. Be2 {[%emt 0:00:04]} Be7 {[%emt 0:00:01]
} 8. O-O {[%emt 0:00:02]} O-O {[%emt 0:00:01]} 9. cxd5 {[%emt 0:00:03]} Nxd5 {
[%emt 0:00:02]} 10. Nxd5 {[%emt 0:00:08]} exd5 {[%emt 0:00:01]} 11. Be3 {[%emt
0:00:02]} Bf5 {[%emt 0:00:10]} 12. Bd3 {[%emt 0:00:02]} Bg6 {[%emt 0:00:02]}
13. Bxg6 {[%emt 0:00:04]} hxg6 {[%emt 0:00:01]} 14. a3 {[%emt 0:00:03]} Rc8 {
[%emt 0:00:03]} 15. Qb3 {[%emt 0:00:05]} Na5 {[%emt 0:00:10]} 16. Qb5 {[%emt 0:
00:09]} a6 {[%emt 0:00:05]} 17. Qe2 {[%emt 0:00:14]} Qb6 {[%emt 0:00:20]} 18.
b3 {[%emt 0:00:02]} Bf6 {[%emt 0:00:39]} 19. b4 {[%emt 0:00:05]} Nc4 {[%emt 0:
00:02]} 20. Ne5 {[%emt 0:00:07]} Bxe5 {[%emt 0:00:12]} 21. dxe5 {[%emt 0:00:09]
} Nxe3 {[%emt 0:00:10]} 22. Qxe3 {[%emt 0:00:06]} Qxe3 {[%emt 0:00:01]} 23.
fxe3 {[%emt 0:00:02]} Rfe8 {[%emt 0:00:03]} 24. Rac1 {[%emt 0:00:17]} Rxc1 {
[%emt 0:00:08]} 25. Rxc1 {[%emt 0:00:03]} Rxe5 {[%emt 0:00:01]} 26. Kf2 {[%emt
0:00:02]} Re7 {[%emt 0:00:04]} 27. Rc5 {[%emt 0:00:04]} Rd7 {[%emt 0:00:01]}
28. Ke2 {[%emt 0:00:08]} Kf8 {[%emt 0:00:01]} 29. Kd3 {[%emt 0:00:01]} Ke7 {
[%emt 0:00:01]} 30. Kd4 {[%emt 0:00:02]} Ke6 {[%emt 0:00:01]} 31. g4 {[%emt 0:
00:05]} f6 {[%emt 0:00:02]} 32. h3 {[%emt 0:00:01]} g5 {[%emt 0:00:16]} 33. a4
{[%emt 0:00:08]} g6 {[%emt 0:00:04]} 34. b5 {[%emt 0:00:01]} a5 {[%emt 0:00:02]
} 35. e4 {[%emt 0:00:21]} dxe4+ {[%emt 0:00:02]} 36. Kxe4 {[%emt 0:00:01]} Rd6
{[%emt 0:00:18]} 37. Rc7 {[%emt 0:00:11]} Rd7 {[%emt 0:00:08]} 38. Rc5 {[%emt
0:00:08]} b6 {[%emt 0:00:05]} 39. Rc6+ {[%emt 0:00:02]} Rd6 {[%emt 0:00:00]}
40. Rc8 {[%emt 0:00:10]} f5+ {[%emt 0:00:01]} 41. gxf5+ {[%emt 0:00:03]} gxf5+
{[%emt 0:00:01]} 42. Ke3 {[%emt 0:00:02]} Kd5 {[%emt 0:00:10]} 43. Rc2 {[%emt
0:00:12]} Re6+ {[%emt 0:00:02]} 44. Kf3 {[%emt 0:00:02]} Re4 {[%emt 0:00:05]}
45. Rc6 {[%emt 0:00:06]} Rxa4 {[%emt 0:00:04]} 46. Rxb6 {[%emt 0:00:01]} Ra3+ {
[%emt 0:00:03]} 47. Kg2 {[%emt 0:00:03]} Kc5 {[%emt 0:00:01]} 48. Rf6 {[%emt 0:
00:04]} f4 {[%emt 0:00:10]} 49. Rf5+ {[%emt 0:00:01]} Kb6 {[%emt 0:00:03]} 50.
Rxg5 {[%emt 0:00:01]} Rg3+ {[%emt 0:00:04]} 51. Rxg3 {[%emt 0:00:02]} fxg3 {
[%emt 0:00:01]} 52. Kxg3 {[%emt 0:00:01]} a4 {[%emt 0:00:00]} 53. h4 {[%emt 0:
00:01]} a3 {[%emt 0:00:01]} 54. h5 {[%emt 0:00:02]} a2 {[%emt 0:00:00]} 55. Kg4
{[%emt 0:00:03]} a1=Q {[%emt 0:00:01]} 56. Kf5 {[%emt 0:00:02]} Kxb5 {[%emt 0:
00:02]} 57. h6 {[%emt 0:00:04]} Qh8 {[%emt 0:00:01]} 58. Kg6 {[%emt 0:00:01]}
Kc6 {[%emt 0:00:01]} 59. Kg5 {[%emt 0:00:05]} Kd6 {[%emt 0:00:01]} 60. Kg6 {
[%emt 0:00:01]} Ke6 {[%emt 0:00:01]} 61. Kg5 {[%emt 0:00:03]} Qh7 {[%emt 0:00:
02]} 62. Kh5 {[%emt 0:00:02]} Kf5 {[%emt 0:00:02]} 63. Kh4 {[%emt 0:00:02]}
Qxh6+ {[%emt 0:00:02]} 64. Kg3 {[%emt 0:00:01]} Qg5+ {[%emt 0:00:01]} 65. Kf3 {
[%emt 0:00:01]} Qf4+ {[%emt 0:00:01]} 66. Ke2 {[%emt 0:00:01]} Qg3 {[%emt 0:00:
01]} 67. Kd2 {[%emt 0:00:02]} Ke4 {[%emt 0:00:01]} 68. Kc2 {[%emt 0:00:02]} Kd4
{[%emt 0:00:00]} 69. Kd2 {[%emt 0:00:02]} Qg2+ {[%emt 0:00:01]} 70. Kc1 {[%emt
0:00:01]} Kc3 {[%emt 0:00:01]} 71. Kd1 {[%emt 0:00:01]} Qd2# {[%emt 0:00:01]}
0-1

[Event "Villarobledo Online Qualifyer"]
[Site "playchess.com #155672"]
[Date "2009.05.23"]
[Round "5"]
[White "Torre repetto 2"]
[Black "Timeh123"]
[Result "1-0"]
[WhiteElo "1614"]
[BlackElo "1518"]
[PlyCount "145"]
[EventDate "2009.05.23"]
[EventType "swiss (blitz)"]

1. e4 {[%emt 0:00:05]} d5 {[%emt 0:00:19]} 2. exd5 {[%emt 0:00:02]} Nf6 {[%emt
0:00:05]} 3. Nc3 {[%emt 0:00:01]} Nxd5 {[%emt 0:00:02]} 4. Nxd5 {[%emt 0:00:01]
} Qxd5 {[%emt 0:00:01]} 5. Nf3 {[%emt 0:00:01]} Bg4 {[%emt 0:00:03]} 6. Be2 {
[%emt 0:00:04]} Qe6 {[%emt 0:00:05]} 7. O-O {[%emt 0:00:02]} Nc6 {[%emt 0:00:
04]} 8. Re1 {[%emt 0:00:01]} g6 {[%emt 0:00:14]} 9. h3 {[%emt 0:00:01]} Bf5 {
[%emt 0:00:04]} 10. Bb5 {[%emt 0:00:14]} Qd6 {[%emt 0:00:06]} 11. Bxc6+ {[%emt
0:00:06]} Qxc6 {[%emt 0:00:00]} 12. Nd4 {[%emt 0:00:05]} Qc5 {[%emt 0:00:09]}
13. c3 {[%emt 0:00:13]} Bg7 {[%emt 0:00:03]} 14. b4 {[%emt 0:00:08]} Qd5 {
[%emt 0:00:12]} 15. Qa4+ {[%emt 0:00:08]} c6 {[%emt 0:00:05]} 16. Nxf5 {[%emt
0:00:11]} Qxf5 {[%emt 0:00:04]} 17. d4 {[%emt 0:00:07]} Qd7 {[%emt 0:00:07]}
18. Bf4 {[%emt 0:00:06]} O-O {[%emt 0:00:05]} 19. Re2 {[%emt 0:00:03]} Rfe8 {
[%emt 0:00:01]} 20. Rae1 {[%emt 0:00:01]} e6 {[%emt 0:00:03]} 21. Qb3 {[%emt 0:
00:10]} Qd5 {[%emt 0:00:06]} 22. Qxd5 {[%emt 0:00:13]} cxd5 {[%emt 0:00:00]}
23. c4 {[%emt 0:00:02]} dxc4 {[%emt 0:00:04]} 24. Rc2 {[%emt 0:00:02]} Bxd4 {
[%emt 0:00:05]} 25. Rxc4 {[%emt 0:00:02]} Bg7 {[%emt 0:00:09]} 26. Rec1 {[%emt
0:00:04]} e5 {[%emt 0:00:03]} 27. Bg3 {[%emt 0:00:03]} Re7 {[%emt 0:00:01]} 28.
Rc8+ {[%emt 0:00:21]} Rxc8 {[%emt 0:00:03]} 29. Rxc8+ {[%emt 0:00:01]} Bf8 {
[%emt 0:00:01]} 30. f3 {[%emt 0:00:01]} Kg7 {[%emt 0:00:02]} 31. Bf2 {[%emt 0:
00:01]} Rd7 {[%emt 0:00:13]} 32. Bc5 {[%emt 0:00:10]} Bxc5+ {[%emt 0:00:06]}
33. Rxc5 {[%emt 0:00:01]} Kf6 {[%emt 0:00:03]} 34. a4 {[%emt 0:00:05]} Ke6 {
[%emt 0:00:02]} 35. Kf2 {[%emt 0:00:06]} a6 {[%emt 0:00:01]} 36. Ke3 {[%emt 0:
00:03]} Rd4 {[%emt 0:00:02]} 37. b5 {[%emt 0:00:10]} Rxa4 {[%emt 0:00:05]} 38.
bxa6 {[%emt 0:00:09]} Rxa6 {[%emt 0:00:01]} 39. Ke4 {[%emt 0:00:02]} Ra4+ {
[%emt 0:00:02]} 40. Ke3 {[%emt 0:00:02]} Rb4 {[%emt 0:00:02]} 41. g3 {[%emt 0:
00:02]} Kd6 {[%emt 0:00:09]} 42. Rc8 {[%emt 0:00:03]} f5 {[%emt 0:00:17]} 43.
Rh8 {[%emt 0:00:04]} f4+ {[%emt 0:00:03]} 44. gxf4 {[%emt 0:00:01]} exf4+ {
[%emt 0:00:00]} 45. Kf2 {[%emt 0:00:01]} Rb2+ {[%emt 0:00:04]} 46. Ke1 {[%emt
0:00:01]} h5 {[%emt 0:00:08]} 47. Rh6 {[%emt 0:00:01]} Rg2 {[%emt 0:00:03]} 48.
Kf1 {[%emt 0:00:06]} Rg3 {[%emt 0:00:01]} 49. Kf2 {[%emt 0:00:02]} Kc5 {[%emt
0:00:06]} 50. Rh7 {[%emt 0:00:05]} b5 {[%emt 0:00:02]} 51. Rf7 {[%emt 0:00:01]}
g5 {[%emt 0:00:04]} 52. Rf5+ {[%emt 0:00:02]} Kc4 {[%emt 0:00:08]} 53. h4 {
[%emt 0:00:00]} g4 {[%emt 0:00:03]} 54. Rxf4+ {[%emt 0:00:02]} Kc3 {[%emt 0:00:
08]} 55. Kxg3 {[%emt 0:00:04]} gxf3 {[%emt 0:00:04]} 56. Rxf3+ {[%emt 0:00:01]}
Kc2 {[%emt 0:00:01]} 57. Kf4 {[%emt 0:00:00]} b4 {[%emt 0:00:01]} 58. Kg5 {
[%emt 0:00:03]} b3 {[%emt 0:00:01]} 59. Kxh5 {[%emt 0:00:09]} b2 {[%emt 0:00:
01]} 60. Rf2+ {[%emt 0:00:02]} Kc3 {[%emt 0:00:01]} 61. Rxb2 {[%emt 0:00:01]}
Kxb2 {[%emt 0:00:00]} 62. Kg6 {[%emt 0:00:00]} Kc3 {[%emt 0:00:00]} 63. h5 {
[%emt 0:00:00]} Kd4 {[%emt 0:00:05]} 64. h6 {[%emt 0:00:00]} Ke5 {[%emt 0:00:
00]} 65. h7 {[%emt 0:00:00]} Kf4 {[%emt 0:00:00]} 66. h8=Q {[%emt 0:00:00]} Kg3
{[%emt 0:00:00]} 67. Qd4 {[%emt 0:00:04]} Kf3 {[%emt 0:00:00]} 68. Kf5 {[%emt
0:00:02]} Kg3 {[%emt 0:00:00]} 69. Qe3+ {[%emt 0:00:02]} Kh2 {[%emt 0:00:00]}
70. Qg5 {[%emt 0:00:02]} Kh1 {[%emt 0:00:01]} 71. Kf4 {[%emt 0:00:02]} Kh2 {
[%emt 0:00:00]} 72. Kf3 {[%emt 0:00:01]} Kh1 {[%emt 0:00:00]} 73. Qg2# {[%emt
0:00:01]} 1-0